Nota al "Manual de Madrid" de Mesonero Romanos, 1844 / (Record no. 149435)

MARC details
000 -LEADER
campo de control de longitud fija 00657nam a2200193 i 4500
001 - NÚMERO DE CONTROL
campo de control 149435
003 - IDENTIFICADOR DE NÚMERO DE CONTROL
campo de control ES-MaACL
005 - FECHA Y HORA DE LA ÚLTIMA TRANSACCIÓN
campo de control 20230906203113.0
007 - CAMPO FIJO DE DESCRIPCIÓN FÍSICA--INFORMACIÓN GENERAL
campo de control de longitud fija t|
008 - DATOS DE LONGITUD FIJA--INFORMACIÓN GENERAL
campo de control de longitud fija 071022q1962 sp ||||1| spa d
100 1# - ENTRADA PRINCIPAL--NOMBRE DE PERSONA
Nombre de persona Varela Hervías, Eulogio.
9 (RLIN) 113159
245 10 - MENCIÓN DEL TÍTULO
Título Nota al "Manual de Madrid" de Mesonero Romanos, 1844 /
Mención de responsabilidad, etc. Eulogio Varela Hervías.
260 ## - PUBLICACIÓN, DISTRIBUCIÓN, ETC.
Lugar de publicación, distribución, etc. Madrid :
Nombre del editor, distribuidor, etc. [s.n.,
Fecha de publicación, distribución, etc. 1962]
300 ## - DESCRIPCIÓN FÍSICA
Extensión 8 p. ;
Dimensiones 28 cm.
595 ## -
-- Tirada aparte de: Arte español, 1962, 1º-2º cuatrimestres.
600 14 - PUNTO DE ACCESO ADICIONAL DE MATERIA--NOMBRE DE PERSONA
Nombre de persona Mesonero Romanos, Ramón de,
Fechas asociadas al nombre 1803-1882-
Subdivisión general Crítica e interpretación
9 (RLIN) 80674
852 ## - LOCALIZACIÓN
Ubicación ES-MaACL
Número de control de estantería 2072-F-2
Holdings
Estatus retirado Estado de pérdida Estado de daño No para préstamo Colección Biblioteca de origen Biblioteca actual Ubicación en estantería Fecha de adquisición Fuente de adquisición Total de préstamos Signatura topográfica completa Código de barras Visto por última vez Precio de reemplazo Tipo de ítem Koha
        Colección de folletos Biblioteca del Ateneo de Madrid Biblioteca del Ateneo de Madrid Depósito folletos 17/01/2008     2072-F-2 1155939 23/02/2023 23/02/2023 Folleto